Úvod do zoopaleontologie

Bibliographic Details
Main Author: Špinar, Zdeněk Vlastimil, 1916-1995 (Author)
Format: Book
Language:Czech
PhysicalDescription:148 s.
Published: Praha Státní pedagogické nakladatelství 1965
Edition:1. vyd.
Series:Učební texty vysokých škol
Subjects:

MARC

LEADER 00000nam a2200000 a 4500
001 vtls001452414
003 SK-MaSNL
005 20260301073147.0
008 240318s1965 xr p 00000 cze
035 |a SNK000407721 
040 |a SNK  |b slo  |c SNK  |e AACR2 
041 0 |a cze 
044 |a xr  |c CZ 
072 7 |a 56  |x Paleontológia  |2 konspekt 
080 |a 56:59  |2 2011 
080 |a (075.8)  |2 2011 
100 1 |a Špinar, Zdeněk Vlastimil,  |d 1916-1995  |4 aut  |9 87332 
245 1 0 |a Úvod do zoopaleontologie  |c Zdeněk Špinar 
250 |a 1. vyd. 
260 |a Praha  |b Státní pedagogické nakladatelství  |c 1965 
300 |a 148 s. 
490 1 |a Učební texty vysokých škol 
650 0 7 |a paleozoológia  |2 SNKPH  |9 69847 
650 0 7 |a Paleozoology  |2 SNKPHeng  |9 330323 
655 7 |a učebnice vysokých škôl  |2 SNKPH  |9 70191 
655 7 |a Textbooks (higher)  |2 SNKPHeng  |9 276436 
710 2 |a Univerzita Karlova.  |b Fakulta sociálních věd.  |b Institut politologických studií  |4 pbl  |9 229577 
830 0 |a Učební texty vysokých škol  |9 282281 
852 |a Štátna vedecká knižnica v Banskej Bystrici 
958 |a OND 
999 |c 643308  |d 645238 
952 |t P60, <04>, [BOOK], {604}  |a SNK  |b SNK  |y VYP  |7 0  |p 17A0381329  |o snkIB 16693 D1  |i snkKIP 1158/65  |0 0  |1 1  |4 0  |d 2003-04-22  |l 0  |r 2005-01-02 00:00:00  |w 2026-02-23